| 000 | 00456nam a22001697a 4500 | ||
|---|---|---|---|
| 999 |
_c1751 _d1750 |
||
| 005 | 20210925112754.0 | ||
| 008 | 160525b xxu||||| |||| 00| 0 eng d | ||
| 020 | _a81-7808-8797 | ||
| 041 | _aeng | ||
| 082 |
_b5003 _a332.6 |
||
| 100 |
_aFischar, Donald E & Jordan, ronald j. _94185 |
||
| 245 | _aSecurity Analysis and Portfolio Management | ||
| 260 |
_aNew Delhi _bAcademic Faundation _c2004 |
||
| 300 | _a677 | ||
| 650 |
_aManagement _9241 |
||
| 942 | _cBK | ||